000 00291nam a2200109Ia 4500
008 190216s9999||||xx |||||||||||||| ||und||
100 _aVenkida Subba Rao
245 0 _aSatharana Janangalum Niyamavum
260 _b"Sree Ram Vilas Press & Book Depot,Quilon"
650 _aPadanam
942 _cBK
999 _c24992
_d24992